00940nam a22002297a 450000500170000001000130001702000100003003500130004003700160005304000120006908200330008110000560011424501140017024600530028426000990033727000730043630000520050965000390056165000560060065000190065665000350067520170124103110.0 aA-270990 c42.00 aA-270990 bCen Lib/Ret aDPLbHN a230.1bमिश्रवि aमिश्र, विद्यानिवास  aमहाभारत का काव्यार्थ /cविद्यानिवास मिश्र aMahabharat ka kavyarth /bby Vidhyanivas Mishra  aनयी दिल्ली bनेशनल पब्लिशिंग हाउस c1985 bनयी दिल्ली a23, दरियागंज e110002 a127पृ. c20सेमी(सजिल्द) aहिन्दू - धर्म  aमहाभारत -- काव्य चयन  aHindu religion aMahabharata - Poetry Selection